|
|
|
|
| LEADER |
00000nam0a2200000 4500 |
| 001 |
286877 |
| 005 |
20231101235932.0 |
| 020 |
|
|
|a RU
|b 85-42956
|
| 035 |
|
|
|a (RuTPU)RU\TPU\book\311232
|
| 090 |
|
|
|a 286877
|
| 100 |
|
|
|a 20150311d1985 m y0rusy5003 ca
|
| 101 |
0 |
|
|a rus
|
| 102 |
|
|
|a RU
|
| 105 |
|
|
|a a j 000zy
|
| 200 |
1 |
|
|a Охрана труда в целлюлозно-бумажной промышленности
|e учебник для вузов
|f В. Ф. Максимов
|
| 205 |
|
|
|a 3-е изд., перераб.
|
| 210 |
|
|
|a Москва
|c Лесная промышленность
|d 1985
|
| 215 |
|
|
|a 352 с.
|c ил.
|
| 606 |
1 |
|
|a Целлюлозно-бумажная промышленность
|x Охрана труда
|2 stltpush
|3 (RuTPU)RU\TPU\subj\18020
|9 43556
|
| 610 |
1 |
|
|a целлюлозно-бумажные предприятия
|
| 610 |
1 |
|
|a НОТ
|
| 610 |
1 |
|
|a научная организация труда
|
| 610 |
1 |
|
|a условия труда
|
| 610 |
1 |
|
|a пожарная безопасность
|
| 610 |
1 |
|
|a травматизм
|
| 610 |
1 |
|
|a профессиональные заболевания
|
| 610 |
1 |
|
|a производственная безопасность
|
| 610 |
1 |
|
|a защитные устройства
|
| 610 |
1 |
|
|a средства индивидуальной защиты
|
| 610 |
1 |
|
|a санитарные требования
|
| 610 |
1 |
|
|a учебники
|
| 675 |
|
|
|a 676:658(075.8)
|z rus
|v 4
|
| 700 |
|
1 |
|a Максимов
|b В. Ф.
|g Владимир Федорович
|4 070
|
| 801 |
|
0 |
|a RU
|b RuMRKP
|c 19950704
|g psbo
|
| 801 |
|
1 |
|a RU
|b 63413507
|c 20150311
|
| 801 |
|
2 |
|a RU
|b 63413507
|c 20210928
|g RCR
|
| 942 |
|
|
|c BK
|